| 000 | 00966pam a2200313 a 4500 | ||
|---|---|---|---|
| 999 |
_c2107 _d2107 |
||
| 001 | 014916221 | ||
| 003 | Uk | ||
| 005 | 20230308084447.0 | ||
| 008 | 090205s2009 enka j 000 j eng d | ||
| 015 |
_aGBA920575 _2bnb |
||
| 016 | 7 |
_a014916221 _2Uk |
|
| 020 | _a9781847150721 (pbk.) : | ||
| 040 |
_aStDuBDS _beng _cStDuBDS _dUk _dKH8 |
||
| 042 | _aukblcatcopy | ||
| 082 | 0 | 4 |
_a823.914 MAC _222 |
| 100 | 1 |
_aMacDonald, Alan, _d1958- _eauthor |
|
| 245 | 1 | 0 |
_aMud! / _c[created and illustrated by] David Roberts ; written by Alan McDonald. |
| 260 |
_aLondon : _bStripes, _c2009. |
||
| 300 |
_a95 p. : _bill. ; _c20 cm. |
||
| 336 |
_atext _2rdacontent |
||
| 337 |
_aunmediated _2rdamedia |
||
| 338 |
_avolume _2rdacarrier |
||
| 490 | 0 | _aDirty Bertie | |
| 500 |
_aFormerly CIP. _5Uk |
||
| 650 | 0 |
_aDirty Bertie (Fictitious character) _vJuvenile fiction. |
|
| 650 | 0 | _aChildren's stories, English. | |
| 700 | 1 |
_aRoberts, David, _d1970- _eillustrator |
|
| 942 |
_2ddc _cNFIC |
||